Recent trends of mathematics (Record no. 10887)

MARC details
000 -LEADER
fixed length control field 00472cam a2200193ua 4500
001 - CONTROL NUMBER
control field 12129
005 - DATE AND TIME OF LATEST TRANSACTION
control field 20260515114836.0
008 - FIXED-LENGTH DATA ELEMENTS--GENERAL INFORMATION
fixed length control field 200222n ii |||gr||||Z||||||eng
020 ## - INTERNATIONAL STANDARD BOOK NUMBER
International Standard Book Number 978938252626
040 ## - CATALOGING SOURCE
Transcribing agency MAIN
082 ## - DEWEY DECIMAL CLASSIFICATION NUMBER
Classification number 510
100 ## - MAIN ENTRY--PERSONAL NAME
Personal name Saifur Rahman,
Relator term Editor.
245 ## - TITLE STATEMENT
Title Recent trends of mathematics
Statement of responsibility, etc. Ed by Saifur Rahman
250 ## - EDITION STATEMENT
Edition statement 1st ed.
260 ## - PUBLICATION, DISTRIBUTION, ETC.
Place of publication, distribution, etc. Guwahati:
Name of publisher, distributor, etc. EBH publishers,
Date of publication, distribution, etc. 2017.
300 ## - PHYSICAL DESCRIPTION
Extent 217p.
653 ## - INDEX TERM--UNCONTROLLED
Uncontrolled term Mathematics
942 ## - ADDED ENTRY ELEMENTS (KOHA)
Koha item type Books
Holdings
Withdrawn status Lost status Damaged status Not for loan Home library Current library Shelving location Date acquired Total checkouts Full call number Barcode Date last seen Copy number Price effective from Koha item type
        Naharkatiya College Library Naharkatiya College Library General stacks 09/19/2020   510Mathematics | REC 25032 09/19/2020 1 09/19/2020 Books